| 000 | 00631nam a22002177a 4500 | ||
|---|---|---|---|
| 003 | SEM | ||
| 999 |
_c71781 _d71781 |
||
| 005 | 20220608074856.0 | ||
| 008 | 210923s2020 au ||||gr|||||001|0 eng|d | ||
| 020 | _a9783950385151 | ||
| 040 |
_aSEM _cSEM |
||
| 041 | _aeng | ||
| 080 | _a347(4)/P-91 | ||
| 245 |
_aA 'Precious asset'? _bAnalizing Religious Freedom Protections in Europe / _cEdt.: A. Portaru |
||
| 260 |
_aVienna : _bKairos publ., _c2020. |
||
| 300 |
_aVIII+215 p. ; _c23 cm |
||
| 504 | _aGeneral index p.: 213-215 | ||
| 650 |
_aHuman rights _xfreedom of religion _zEurope |
||
| 653 | _aՍԷՄ | ||
| 700 |
_aPortaru Adina _eedt. |
||
| 942 |
_2udc _cBK |
||